Slováci v inštitúciách Európskej únie prax a skúsenosti

Salvato in:
Dettagli Bibliografici
Autore principale: Slašťan, Miroslav
Ente Autore: Ministerstvo zahraničných vecí SR
Altri autori: Strempek, Peter
Natura: Libro
Lingua:slovacco
Pubblicazione: Bratislava EUROIURIS 2008
Edizione:2. vyd.
Soggetti:
Tags: Aggiungi Tag
Nessun Tag, puoi essere il primo ad aggiungerne!!

MARC

LEADER 00000nam a2200000 4500
001 0128711
005 20240313133513.9
020 |a 978-80-969554-7-3 
041 0 |a slo 
044 |a SK 
245 1 0 |a Slováci v inštitúciách Európskej únie  |b prax a skúsenosti  |c Miroslav Slašťan, Peter Strempek 
250 |a 2. vyd. 
264 1 |a Bratislava  |b EUROIURIS  |c 2008 
300 |a 54 s. 
610 2 0 |a Európska únia 
610 2 0 |a Európsky parlament 
610 2 0 |a Európska komisia 
610 2 0 |a výber zamestnania 
610 2 0 |a zamestnanci 
610 2 0 |a pracovníci 
610 2 0 |a zamestnanci štátni 
610 2 0 |a zamestnanie 
610 2 0 |a služba verejná 
610 2 0 |a schopnosti pracovné 
100 1 |a Slašťan, Miroslav 
700 1 |a Strempek, Peter 
710 2 |a Ministerstvo zahraničných vecí SR